Le Sette Sorelle La storia di maia

שמור ב:
מידע ביבליוגרפי
מחבר ראשי: Lucinda Riley
פורמט: ספר
שפה:שפה לא ידועה
יצא לאור: Giunti
תגים: הוספת תג
אין תגיות, היה/י הראשונ/ה לתייג את הרשומה!

MARC

LEADER 00000nam a2200000Ia 4500
001 R-1186
003 CODICE-MESSINA
005 20260212102503.0
008 260211s9999 xx 000 0 und d
040 |c importazione_messina 
100 |a Lucinda Riley 
245 0 |a Le Sette Sorelle 
245 0 |b La storia di maia 
260 |b Giunti 
942 |2 ddc  |c BK 
952 |0 0  |1 0  |2 ddc  |4 0  |6 SCAFFALE_11_000000000000000__ROMANZI  |7 0  |9 32018  |a ME  |b ME  |d 2026-02-11  |l 0  |o SCAFFALE 11 - ROMANZI  |p R-1186  |r 2026-02-11 23:52:55  |w 2026-02-11  |x [REVISIONARE]  |y BK 
999 |c 27685  |d 27685